|
|
|
|
| LEADER |
00000nam0a2200000 4500 |
| 001 |
21562 |
| 005 |
20231101205434.0 |
| 010 |
|
|
|a 5856030427
|
| 035 |
|
|
|a (RuTPU)RU\TPU\book\21766
|
| 035 |
|
|
|a BOOK00006459
|
| 090 |
|
|
|a 21562
|
| 100 |
|
|
|a 20011209d1994 m y0rusy50 ca
|
| 101 |
1 |
|
|a rus
|c eng
|a eng
|
| 102 |
|
|
|a RU
|
| 105 |
|
|
|a y j 001zy
|
| 200 |
1 |
|
|a Конструкции и обороты английского языка
|e пер. с англ.
|f А. С. Хорнби
|g пер. А. С. Игнатьев
|
| 210 |
|
|
|a Москва
|c Буклет
|d 1994
|
| 215 |
|
|
|a 334 с.
|
| 320 |
|
|
|a Указ. предм. и слов: с. 326-332.
|
| 606 |
1 |
|
|a Английский язык
|x Учебные руководства и пособия для высшей школы
|x Пособия по грамматике
|2 stltpush
|3 (RuTPU)RU\TPU\subj\29073
|9 52485
|
| 610 |
1 |
|
|a грамматика
|
| 610 |
1 |
|
|a конструкции
|
| 610 |
1 |
|
|a обороты
|
| 610 |
1 |
|
|a синтаксис
|
| 686 |
|
|
|a Ш143.21-923.2
|v LBC/SL-A
|2 rubbk
|
| 700 |
|
1 |
|a Хорнби
|b А. С.
|
| 702 |
|
1 |
|a Игнатьев
|b А. С.
|4 730
|
| 801 |
|
0 |
|a RU
|b 63413507
|c 20011209
|g PSBO
|
| 801 |
|
2 |
|a RU
|b 63413507
|c 20140403
|g PSBO
|
| 942 |
|
|
|c BK
|